• 首页
  • 本馆介绍
  • 公告通知
  • 最新文献
  • 馆藏检索
  • 电子资源
  • 读者导购
  • 参考咨询
  • 我的图书馆
  • 登录
  • 详细信息显示
  • 放入我的书架
  • 预约/预借图书
  • 作者相关作品
  • 分类相关作品
  • 丛书相关作品
  • 出版社相关作品

书目信息

  • 表格格式
  • 工作单格式
  • 卡片格式
题名:
金鱼锦鲤热带鱼
    
 
作者: 张绍华 编著
分册:  
出版信息: 北京   金盾出版社  1990
页数: 159页
开本: 20cm
丛书名:
单 册:
中图分类: S965.8
科图分类:
主题词: 观赏鱼类--鱼类养殖
电子资源:
ISBN: 7-80022-166-0
000 00559nam0 2200193 450
001 0765756234
005 20070727145111.00
010    @a7-80022-166-0@dCNY2.90
100    @a20070723d1990 km y0chiy0120 ea
101 0  @achi
102    @aCN@b110000
200 1  @a金鱼锦鲤热带鱼@Ajin yu jin li re dai yu@f张绍华等编著@Fzhang shao hua deng bian zhu
210    @a北京@c金盾出版社@d1990
215    @a159页@d20cm
606 0  @a观赏鱼类@x鱼类养殖
690    @aS965.8@v3
701  0 @a张绍华@Azhang shao hua@4编著
801  0 @aCN@bPFT@c20070727
905    @a10447@dS965.8@e29
    
    金鱼锦鲤热带鱼/张绍华等编著.-北京:金盾出版社,1990
    159页;20cm
    
    
    ISBN 7-80022-166-0:CNY2.90
    
●
相关链接 在E读中查询图书 在五车中查询图书 在当当中查询图书 在豆瓣中查询图书


正题名:金鱼锦鲤热带鱼     索取号:S965.8/29         预约/预借

序号 登录号 条形码 馆藏地/架位号 状态 备注
1 0782976   207829769   第二样本阅览室/ [索取号:S965.8/29] 在馆    
唐山师范学院图书馆 欢迎您!
大连网信软件有限公司© 版权所有